000 00325nam a2200145 i 4500
001 bg
100 1 _aBARANOWSKI, Ryszard
245 0 _aPodstawy rolnictwa /
_cR. Baranowski.
260 _aOpole,
_c1984.
040 _cBPK
041 _apol
080 _a63(075.8)
942 _cKS
008 s pl f |000 0 pol
999 _c2723
_d2723
856 _uhttp://koha.tu.koszalin.pl/cgi-bin/koha/opac-detail.pl?biblionumber=2723
_yKatalog online BPK